000 005710000a22001810004500
020 _a958-9061-68-0
041 0 _aSPA
082 0 4 _aG 572 V2972e
100 1 _aVargas Sarmiento, Patricia
245 1 0 _aLos Emberá y los Cuna : Impacto y reacción ante la ocupación española siglos XVI y XVII / Patricia Vargas Sarmiento
260 _aBogotá, Colombia : Instituto Colombiano de Antropología
300 _a199 Pag
001 10366
942 _cBK
999 _c39941
_d39941
336 _atexto
_btxt
_2rdacontent
337 _2rdamedia
_asin mediación
_bn
338 _2rdacarrier
_avolumen
_bnc